| 000 | 00465cam a2200157ua 4500 | ||
|---|---|---|---|
| 003 | OSt | ||
| 008 | 250130b |||||||| |||| 00| 0 eng d | ||
| 041 | _aeng | ||
| 082 |
_a621.3012 _bPAG/PR |
||
| 100 |
_aPage, Leigh . _97041 |
||
| 245 | _aPrinciples of electricity: An intermediate text in electricity and magnetism / | ||
| 260 |
_aNew York : _bVan Nostrand Reinhold Company , _c1960. |
||
| 300 | _a533 ; . | ||
| 700 | 1 |
_aAdams, Noman Lisley . _97042 |
|
| 942 | _cBK | ||
| 999 |
_c7215 _d7215 |
||